Phân tích các nhân tố ảnh hưởng đến động lực làm việc của người lao động trong doanh nghiệp nhỏ và vừa tại thành phố Cần Thơ : Luận văn tốt nghiệp Cao học. Chuyên ngành Quản trị kinh doanh

Phân tích thực trạng người lao động trong doanh nghiệp nhỏ và vừa, các nhân tố ảnh hưởng đến động lực làm việc của người lao động trong doanh nghiệp nhỏ và vừa tại thành phố Cần Thơ.

Đã lưu trong:
Chi tiết về thư mục
Tác giả chính: Bùi, Minh Trung
Định dạng: Sách
Ngôn ngữ:Undetermined
Được phát hành: Cần Thơ Trường Đại học Cần Thơ 2018
Những chủ đề:
Các nhãn: Thêm thẻ
Không có thẻ, Là người đầu tiên thẻ bản ghi này!
Thư viện lưu trữ: Trung tâm Học liệu Trường Đại học Cần Thơ
LEADER 01201nam a2200217Ia 4500
001 CTU_228527
008 210402s9999 xx 000 0 und d
082 |a 658.3 
082 |b Tr513 
088 |a 8340101 
100 |a Bùi, Minh Trung 
245 0 |a Phân tích các nhân tố ảnh hưởng đến động lực làm việc của người lao động trong doanh nghiệp nhỏ và vừa tại thành phố Cần Thơ : 
245 0 |b Luận văn tốt nghiệp Cao học. Chuyên ngành Quản trị kinh doanh 
245 0 |c Bùi Minh Trung ; Bùi Văn Trịnh (Cán bộ hướng dẫn) 
260 |a Cần Thơ 
260 |b Trường Đại học Cần Thơ 
260 |c 2018 
520 |a Phân tích thực trạng người lao động trong doanh nghiệp nhỏ và vừa, các nhân tố ảnh hưởng đến động lực làm việc của người lao động trong doanh nghiệp nhỏ và vừa tại thành phố Cần Thơ. 
650 |a Personnel management,Quản trị nhân sự 
910 |b nthai 
980 |a Trung tâm Học liệu Trường Đại học Cần Thơ